Débrouillard - Damso - Statistiques

Statistiques générales
  • Ce quiz a été pris 111 fois
  • Le résultat moyen est 365 sur 500
Statistiques - réponses
Réponse % Correct
à
99%
a
99%
d'
99%
de
99%
J'
97%
j'
97%
m'
96%
s'
96%
l'
95%
qu'
95%
c'
93%
demande
93%
je
93%
la
93%
93%
La
93%
t'
93%
n'
92%
Débrouillard
91%
débrouillard
91%
jamais
91%
pas
91%
que
89%
Que
89%
un
88%
Un
88%
dans
87%
vie
87%
suis
86%
me
84%
fais
83%
Fais
83%
en
82%
dit
80%
le
80%
Le
80%
es
79%
comme
78%
une
78%
est
76%
homme
76%
Ma
76%
au
75%
du
75%
femme
75%
ne
75%
Bible
74%
encule
74%
pour
74%
te
74%
abomination
72%
avec
72%
fait
71%
pardon
71%
sur
71%
Toi
71%
tu
71%
chaque
70%
faute
70%
fois
70%
pilon
70%
ville
70%
amour
68%
Ciel
68%
inattention
68%
68%
ton
68%
faire
67%
fume
67%
deux
66%
et
66%
fonce-dé
66%
si
66%
trois
66%
Dolfa
64%
Grosse
64%
grosse
64%
Alors
63%
devenu
63%
morale
63%
pute
63%
toit
63%
quartier
62%
ta
62%
donne
61%
mes
61%
moi
61%
sans
61%
ai
59%
des
59%
Qui
59%
youvois
58%
you-vois
58%
baise
57%
les
55%
négro
55%
plus
55%
quand
55%
retenue
55%
testicules
55%
'uc
55%
donc
54%
mais
54%
school
54%
as
53%
aucun
53%
crois
53%
entendre
53%
finish
53%
transperce
53%
bruit
51%
crie
51%
papa
51%
prendre
51%
rue
51%
Sarah
51%
Terminator
51%
tonton
51%
beaucoup
50%
cadeau
50%
Connor
50%
illégaux
50%
or
50%
Père
50%
prends
50%
remord
50%
spermato'
50%
sperme
50%
Va
50%
Vers
50%
vers
50%
veux
50%
vu
50%
chagrin
49%
chambre
49%
grosses
49%
gun
49%
J'suis
49%
Noël
49%
noie
49%
produits
49%
chut
47%
dix
47%
ensuite
47%
existe
47%
ferme
47%
Passeur
47%
schnek
47%
silence
47%
son
47%
allez
46%
ans
46%
donneras
46%
inspire
46%
paix
46%
proses
46%
ampoules
45%
"Billie
45%
Glock
45%
Jean"
45%
keufs
45%
Pacifique
45%
pacifiste
45%
pied
45%
servira
45%
trou
45%
débite
43%
flow
43%
gagnes
43%
remake
43%
compte
42%
contre
42%
dard
42%
repose
42%
attrapent
41%
diplome
41%
frottement
41%
fille
39%
blé
38%
chacun
38%
départs
38%
dessus
38%
D'mandez
38%
marche
38%
quiconque
38%
succès
38%
tire
38%
défie
37%
obtenir
37%
Ok
37%
oseille
37%
dit-on
36%
pores
36%
seulement
36%
vois
36%
cette
34%
l'enculer
34%
sorte
34%
lui
33%
Ramène
33%
avouera
32%
diras
32%
balance
30%
autre
29%
lope-sa
29%
him
28%
tte-cha
28%
univers
24%
d'courses
20%
mula
17%
casque
16%
vraiment
16%
Yeah
16%
SABAM
14%
P'tain
7%
Aucun quiz correspondant
Distribution des résultats
% des personnes avec chaque résultat
Percentile par nombre de réponses
Votre historique - résultats
Vous n’avez pas pris ce quiz